[Event "Vienna Advent op"]
[Site "Vienna"]
[Date "2023.12.12"]
[Round "2"]
[White "Lipp, Alfred"]
[Black "Nicolussi, Hieronymus"]
[Result "1-0"]
[WhiteElo "1999"]
[BlackElo "1818"]
[PlyCount "75"]
[EventDate "2023.12.11"]
[EventType "swiss"]
[EventRounds "7"]
[EventCountry "AUT"]
[SourceTitle "CB51_2023"]
[SourceDate "2023.12.20"]
[SourceVersion "1"]
[SourceVersionDate "2023.12.20"]
[SourceQuality "1"]

1. c4 Nf6 2. Nc3 g6 3. e4 d6 4. d4 Bg7 5. Be2 0-0 6. Nf3 e5 7. 0-0 Nc6 8. d5 Ne7 9. Ne1 Nd7 10. Be3 f5 11. f3 f4 12. Bf2 g5 13. Nd3 Ng6 14. c5 Nf6 15. a4 Rf7 16. cxd6 cxd6 17. a5 h5 18. Nb5 g4 19. Bxa7 g3 20. Bb6 Qe7 21. Kh1 gxh2 22. Rc1 h4 23. Rc7 Qf8 24. Nf2 Rxc7 25. Nxc7 h3 26. gxh3 Bh8 27. Nxa8 Qh6 28. Kxh2 Nh7 29. Rg1 Ng5 30. Qf1 Kf7 31. Bd8 Bf6 32. Bxf6 Kxf6 33. Nb6 Nh4 34. Nxc8 Nhxf3+ 35. Bxf3 Nxf3+ 36. Kh1 Qh4 37. Ng4+ Kf7 38. Qxf3 1-0

[Event "Leca da Palmeira 2nd"]
[Site "Leca da Palmeira"]
[Date "2023.08.01"]
[Round "2"]
[White "Nicolussi, Hieronymus"]
[Black "Ribeiro, Orlando Camilo Duar"]
[Result "0-1"]
[WhiteElo "1613"]
[BlackElo "1967"]
[PlyCount "58"]
[EventDate "2023.07.31"]
[EventType "swiss"]
[EventRounds "9"]
[EventCountry "POR"]
[SourceTitle "CBM 215 Extra"]
[Source "ChessBase"]
[SourceDate "2023.09.30"]
[SourceVersion "1"]
[SourceVersionDate "2023.09.30"]
[SourceQuality "1"]

1. Nf3 e6 2. g3 d5 3. Bg2 Nf6 4. 0-0 Be7 5. d3 0-0 6. Nc3 Nbd7 7. e4 dxe4 8. dxe4 e5 9. Be3 c6 10. Qe2 Qc7 11. Rfd1 b5 12. a3 Ng4 13. Bh3 Nb6 14. Bf1 Nxe3 15. Qxe3 h6 16. Na2 Be6 17. b3 Bxa3 18. c4 bxc4 19. bxc4 Be7 20. Rdc1 Nd7 21. c5 a5 22. Rc2 Rab8 23. Nc1 Qa7 24. Qc3 a4 25. Nxe5 Nxe5 26. f4 Nd7 27. Nd3 Rb3 28. Qd2 f5 29. e5 Bd5 0-1

[Event "Vienna State-chC"]
[Site "Vienna"]
[Date "2022.09.19"]
[Round "3"]
[White "Nicolussi, Hieronymus"]
[Black "Meixner, Peter"]
[Result "1-0"]
[WhiteElo "1239"]
[BlackElo "1669"]
[PlyCount "101"]
[EventDate "2022.09.17"]
[EventType "swiss"]
[EventRounds "9"]
[EventCountry "AUT"]
[SourceTitle "CBM 210 Extra"]
[Source "ChessBase"]
[SourceDate "2022.11.30"]
[SourceVersion "1"]
[SourceVersionDate "2022.11.30"]
[SourceQuality "1"]

1. d4 d5 2. e3 Nf6 3. Bd3 e6 4. Nd2 c5 5. c3 Bd6 6. f4 cxd4 7. cxd4 Nc6 8. Ngf3 Qe7 9. Ne5 Bd7 10. 0-0 0-0-0 11. a3 Rdg8 12. b4 a6 13. Nb3 Ne4 14. Qc2 f5 15. Nxc6 Bxc6 16. Bxa6 Kb8 17. Bd3 Rc8 18. Nc5 Nxc5 19. dxc5 Bc7 20. Bb2 Rhg8 21. b5 Be8 22. b6 Bxb6 23. Bd4 Bxc5 24. Rfc1 b6 25. Rab1 Bd7 26. Bxc5 Rxc5 27. Qxc5 Qxc5 28. Rxc5 Kb7 29. Rc3 Ra8 30. Bb5 Bxb5 31. Rxb5 Ra4 32. Rcb3 Ra6 33. Kf2 Kc6 34. Ke2 h6 35. Kd3 g5 36. Kd4 Ra4+ 37. R5b4 Ra6 38. Ke5 gxf4 39. exf4 d4 40. Kxd4 Kc7 41. Ke5 Kd7 42. Rxb6 Ra5+ 43. R6b5 Ra7 44. Rb7+ Rxb7 45. Rxb7+ Kc8 46. Rh7 h5 47. Kd6 e5 48. fxe5 f4 49. e6 f3 50. e7 Kb8 51. e8R# 1-0

[Event "Vienna State-chC"]
[Site "Vienna"]
[Date "2022.09.17"]
[Round "1"]
[White "Nicolussi, Hieronymus"]
[Black "Gaspar, Zdravko"]
[Result "1-0"]
[WhiteElo "1239"]
[BlackElo "1538"]
[PlyCount "69"]
[EventDate "2022.09.17"]
[EventType "swiss"]
[EventRounds "9"]
[EventCountry "AUT"]
[SourceTitle "CBM 210 Extra"]
[Source "ChessBase"]
[SourceDate "2022.11.30"]
[SourceVersion "1"]
[SourceVersionDate "2022.11.30"]
[SourceQuality "1"]

1. d4 d5 2. e3 c6 3. Bd3 Nf6 4. Nd2 Bg4 5. f3 Bh5 6. h3 Nbd7 7. g4 Bg6 8. f4 Bxd3 9. cxd3 Qc7 10. Ngf3 e6 11. 0-0 0-0-0 12. Ne5 Nb6 13. a4 Ng8 14. a5 Na8 15. Nb3 a6 16. Nc5 Bxc5 17. dxc5 f6 18. Nf3 e5 19. b4 e4 20. dxe4 h5 21. exd5 Rxd5 22. Nd4 g5 23. Kg2 Ne7 24. e4 Rd7 25. fxg5 hxg4 26. Bf4 gxh3+ 27. Kh2 Qd8 28. Qg4 fxg5 29. Bd6 Nc7 30. Ra3 Kb8 31. Rxh3 Rxh3+ 32. Qxh3 Ng6 33. Ne6 Nf4 34. Bxc7+ Rxc7 35. Nxd8 1-0

[Event "Fuerstenfeld U18 op 5th"]
[Site "Fuerstenfeld"]
[Date "2022.07.23"]
[Round "5"]
[White "Nicolussi, Hieronymus"]
[Black "Schirmbeck, Klara"]
[Result "1-0"]
[WhiteElo "964"]
[BlackElo "1163"]
[PlyCount "81"]
[EventDate "2022.07.21"]
[EventType "swiss"]
[EventRounds "7"]
[EventCountry "AUT"]
[SourceTitle "CBM 209 Extra"]
[Source "ChessBase"]
[SourceDate "2022.09.30"]
[SourceVersion "1"]
[SourceVersionDate "2022.09.30"]
[SourceQuality "1"]

1. d4 Nf6 2. e3 c6 3. Bd3 d5 4. Nd2 Bg4 5. f3 Bh5 6. g4 Bg6 7. f4 Bxd3 8. cxd3 h6 9. h3 e6 10. Ngf3 Bd6 11. 0-0 g5 12. Ne5 gxf4 13. exf4 Rg8 14. Rf2 Nh5 15. Qf3 f6 16. Kh2 Ng7 17. Ng6 f5 18. Ne5 fxg4 19. Qxg4 Qf6 20. Nf1 c5 21. Be3 Qf8 22. Qg6+ Kd8 23. dxc5 Bxc5 24. Bxc5 Qxc5 25. Qf6+ Kc8 26. Rg2 Qc7 27. Qxh6 Nc6 28. Qh7 Rd8 29. Qxg7 Qb6 30. Nxc6 Qxc6 31. Qc3 Qxc3 32. bxc3 Kd7 33. Rg7+ Kc6 34. Rb1 Rf8 35. Kg3 Rf5 36. Ne3 Rf6 37. Rbxb7 Raf8 38. Rb4 e5 39. Ng2 exf4+ 40. Rxf4 Rxf4 41. Nxf4 1-0

[Event "Fuerstenfeld U18 op 5th"]
[Site "Fuerstenfeld"]
[Date "2022.07.22"]
[Round "3"]
[White "Nicolussi, Hieronymus"]
[Black "Martinovic, David"]
[Result "0-1"]
[WhiteElo "964"]
[BlackElo "1408"]
[PlyCount "68"]
[EventDate "2022.07.21"]
[EventType "swiss"]
[EventRounds "7"]
[EventCountry "AUT"]
[SourceTitle "CBM 209 Extra"]
[Source "ChessBase"]
[SourceDate "2022.09.30"]
[SourceVersion "1"]
[SourceVersionDate "2022.09.30"]
[SourceQuality "1"]

1. d4 d5 2. e3 Nf6 3. Bd3 c5 4. c3 Nc6 5. f4 e6 6. Nd2 Be7 7. Ngf3 Rb8 8. 0-0 a6 9. Ne5 Nd7 10. Rf3 Nf8 11. Rh3 Nxe5 12. fxe5 c4 13. Bc2 f6 14. Nf3 f5 15. Qe1 g5 16. Qg3 h5 17. Nxg5 Bxg5 18. e4 Bxc1 19. Rxc1 dxe4 20. Bd1 h4 21. Qg7 Rh7 22. Qf6 Qxf6 23. exf6 Kf7 24. Be2 b5 25. g3 hxg3 26. Bh5+ Kxf6 27. hxg3 Kg5 28. Bg4 Kxg4 29. Rxh7 Nxh7 30. Kg2 Bb7 31. Kf2 Ng5 32. Rh1 Nh3+ 33. Ke3 Kxg3 34. Ra1 f4+ 0-1

[Event "Fuerstenfeld U18 op 5th"]
[Site "Fuerstenfeld"]
[Date "2022.07.21"]
[Round "1"]
[White "Nicolussi, Hieronymus"]
[Black "Weigl, Jakob"]
[Result "0-1"]
[WhiteElo "964"]
[BlackElo "1505"]
[PlyCount "48"]
[EventDate "2022.07.21"]
[EventType "swiss"]
[EventRounds "7"]
[EventCountry "AUT"]
[SourceTitle "CBM 209 Extra"]
[Source "ChessBase"]
[SourceDate "2022.09.30"]
[SourceVersion "1"]
[SourceVersionDate "2022.09.30"]
[SourceQuality "1"]

1. d4 d5 2. e3 c5 3. c3 Nf6 4. Bd3 Nc6 5. f4 Bg4 6. Nf3 e6 7. Nbd2 Bd6 8. h3 Bh5 9. 0-0 Qc7 10. Qc2 Bg6 11. Bxg6 hxg6 12. Ne5 0-0-0 13. a4 Rh5 14. b3 Rf8 15. Qa2 Ne4 16. Nxe4 dxe4 17. Qc2 f5 18. Nxg6 Rf6 19. Ne5 Bxe5 20. fxe5 Rg6 21. Ba3 Rxh3 22. Bxc5 Qd8 23. Qe2 Qh4 24. Rf4 Rh1# 0-1